1205 1161 1006 1847 1342 1139 1887 1481 1966 1209 1888 1049 1179 1848 1660 1494 1539 1661 1164 1116 1300 1728 1890 1147 1452 1408 1862 1903 1161 1436 1775 1686 1586 1859 1855 1257 1231 1341 1194 1976 1846 1987 1843 1749 1640 1825 1115 1728 1859 1452 1562 1869 1695 1914 1698 1536 1274 1251 1411 1120 1185 1465 1456 1002 1779 1028 1164 1133 1106 1748 1937 1349 1806 1327 1601 1267 1392 1087 1925 1163 1545 1043 1089 1568 1223 1001 1599 1370 1951 1622 1144 1338 1621 1385 1516 1248 1741 1770 1467 BCNSPRNW ULIB Ver.6.0+V

เปลี่ยนเป็นภาษาไทย

Change to English
 แสดงรายละเอียดบรรณานุกรม
  กลับหน้าหลัก

Brief Record : Get Marc (ISO 2709) : E-mail record : QR code < ปิดหน้าต่าง
LEADER : 00000nam 2200000uu 4500
001    13399124503
003     ULIB
008    020711s2556 th a 000 0 tha d
020    978974980421X
020    9789749804216
090    นว.^bล158ด ล.3
100    ล่อร่า อิงกัลล์ส์ ไวล์เดอร์;^eผู้แต่ง
245    เด็กชายชาวนา/^cล่อร่า อิงกัลล์ส์ ไวล์เดอร์. ; เขียน ,สุคนธรส. ; แปล
250    พิมพ์ครั้งที่10
260    กรุงเทพฯ :^bแพรวเยาวชน,^c2556
300    289 หน้า;^b18.5 ซม.
500    หนังสือชุดบ้านเล็ก
700    สุคนธรส ;^eแปล
945    ^p185^l0^i039774
999    ^aทศพร
รายการนี้ยังไม่มีแท็ก
คุณยังไม่ได้ล็อกอิน คุณสามารถมีกิจกรรมร่วมกับเว็บไซต์ได้ แต่ต้องล็อกอินก่อน ::
  ล็อกอิน

รายการสื่อสารสนเทศ

ลำดับที่ ประเภท เลขเรียก/บาร์โค้ด สถานที่ สถานะ
1. นวนิยาย
นวนิยาย
นว. ล158ด ล.3 ฉ.1 
  Barcode: 039774
ห้องสมุดวิทยาเขตสวรรค์ประชารักษ์
►นวนิยาย
บนชั้น
  ขอยืม

BibComment


ยังไม่เคยถูกคอมเมนท์

คอมเมนท์ทรัพยากรรายการนี้
  คอมเมนท์: เด็กชายชาวนา ล่อร..


 Copyright 2026. Bcnsprnw @Library